| 000 | 00319nam a2200109Ia 4500 | ||
|---|---|---|---|
| 008 | 231129s9999||||xx |||||||||||||| ||spa|| | ||
| 082 | _aCo863 / o15m | ||
| 100 | _aOcampo LondoƱo Gabriel | ||
| 245 | 0 | _aMi vida antes de nacer : novela-testimonio | |
| 264 | _aTalleres de la Litografia Cafetera Ltda. | ||
| 942 |
_2ddc _cBKS |
||
| 999 |
_c21142 _d21142 |
||